000 00674nam a2200181Ia 4500
008 100921s9999 xx 000 0 und d
082 _b29693
_a891.463 थ 90
100 _aलागू चिंतामणी.
245 _aअमृताचा प्याला.
260 _bराजेंद्र प्रकाशन, पुणे.
_c1990
300 _a111
_bरसिक साहित्य,पुणे
365 _b40
520 _aललित-कादंबरी.
630 _aअमृताचा प्याला.
650 _aललित-कादंबरी.
730 _aअमृताचा प्याला.
942 _cBOOK
999 _c778806
_d778803